Βραβευμένα δοκίμια : 1976 - 1986

Αποθηκεύτηκε σε:
Λεπτομέρειες βιβλιογραφικής εγγραφής
Μορφή: Βιβλίο
Γλώσσα:Greek
Δημοσίευση: [Λευκωσία] : [Γυμνάσιο Παλουριώτισσας], [1986]
Θέματα:
Ετικέτες: Προσθήκη ετικέτας
Δεν υπάρχουν, Καταχωρήστε ετικέτα πρώτοι!

MARC

LEADER 00000cam a2200000 i 4500
001 1/86026
008 970327s1986 gre d
035 |a 1993  |b 1  |c Δωρεά  |l 10034863 
040 |a GR-MY-UA  |b gre  |e aacr 
041 0 |a gre 
082 0 |a 889.407 
245 1 0 |a Βραβευμένα δοκίμια :  |b 1976 - 1986 
260 |a [Λευκωσία] :   |b [Γυμνάσιο Παλουριώτισσας],   |c [1986] 
300 |a 121 σ. 
500 |a Διαγωνισμός μαθητικού δοκιμίου Ελληνικής Πρεσβείας 
650 0 |a Greek essays  |z Cyprus. 
852 |a INST  |b RHODES  |e 19970327  |h 889.407 ΒΡΑ  |p 005400000052  |q 005400000052  |t BK  |y 0 
970 |z 2000/06/ΟΙΚΟΝΟΜΟΠΟΥΛΟΥ (SUBJECT)